[Event "DSOL 03 Liga Gr-D 1st"]
[Site "Playchess.com INT"]
[Date "2020.07.14"]
[Round "4.4"]
[White "Lange, Gerhard"]
[Black "Langfeldt, Lars"]
[Result "0-1"]
[WhiteElo "1000"]
[BlackElo "1738"]
[PlyCount "80"]
[EventDate "2020.06.22"]
[EventType "team-tourn (rapid)"]
[EventCountry "GER"]
[SourceTitle "EXT 2021"]
[Source "ChessBase"]
[SourceDate "2020.10.23"]
[SourceVersion "1"]
[SourceVersionDate "2020.10.23"]
[SourceQuality "1"]
[WhiteTeam "Wuerselen"]
[BlackTeam "Eutin"]
[WhiteTeamCountry "GER"]
[BlackTeamCountry "GER"]

1. d4 Nf6 2. c4 c5 3. d5 e6 4. Nc3 exd5 5. cxd5 d6 6. e4 g6 7. Nf3 Bg7 8. Bb5+ Bd7 9. Bxd7+ Nbxd7 10. 0-0 0-0 11. Qc2 a6 12. a4 c4 13. Bf4 Nc5 14. Rad1 Nd3 15. Bg5 h6 16. Bxf6 Qxf6 17. Rxd3 cxd3 18. Qxd3 Rac8 19. Re1 Rfe8 20. Qe3 Qd8 21. Qd2 Qa5 22. h3 Kh7 23. Re3 Rc4 24. Qe2 Qb4 25. e5 Bxe5 26. Nxe5 Rxe5 27. Rxe5 dxe5 28. d6 Rd4 29. Qxe5 Qxd6 30. Qxd6 Rxd6 31. Kf1 Rb6 32. Ne4 Rxb2 33. Nd6 Kg7 34. Ke1 Rb4 35. Ke2 Kf6 36. f3 Ke6 37. Ne4 Rxe4+ 38. fxe4 Ke5 39. Ke3 b5 40. axb5 axb5 0-1